[Event "Oberliga Nord O 1718"]
[Site "Germany"]
[Date "2017.10.08"]
[Round "1.2"]
[White "Dimitrijeski, Kristian"]
[Black "Schoewel, Matthias"]
[Result "1/2-1/2"]
[WhiteElo "2184"]
[BlackElo "2241"]
[PlyCount "141"]
[EventDate "2017.10.08"]
[EventType "team-tourn"]
[EventRounds "9"]
[EventCountry "GER"]
[SourceTitle "EXT 2019"]
[Source "ChessBase"]
[SourceDate "2018.10.10"]
[SourceVersion "1"]
[SourceVersionDate "2018.10.10"]
[SourceQuality "1"]
[WhiteTeam "Berlin Tegel II"]
[BlackTeam "Berlin Oberschoeneweide"]
[WhiteTeamCountry "GER"]
[BlackTeamCountry "GER"]

1. d4 d5 2. c4 e6 3. Nc3 Nf6 4. cxd5 exd5 5. Bg5 Be7 6. e3 c6 7. Bd3 Ne4 8. Bxe7 Qxe7 9. Qc2 Bf5 10. Nge2 g6 11. 0-0 Nd7 12. b4 0-0 13. Bxe4 Bxe4 14. Nxe4 dxe4 15. Nc3 Nf6 16. Qb3 Rfd8 17. Rac1 Rac8 18. Rfd1 Kg7 19. Qc4 Qd7 20. Qb3 Qf5 21. Qc4 h5 22. Qc5 Qg4 23. Qxa7 Qh4 24. Rf1 Rd7 25. Qc5 Nd5 26. Nxd5 Rxd5 27. Qxd5 cxd5 28. Rxc8 Qg4 29. Rc7 h4 30. h3 Qe2 31. Rxb7 Qxa2 32. b5 Qb2 33. b6 g5 34. f3 Qe2 35. fxe4 Qxe3+ 36. Kh1 g4 37. Rbxf7+ Kg6 38. R7f6+ Kg7 39. b7 Qb3 40. exd5 gxh3 41. R6f3 hxg2+ 42. Kxg2 Qxb7 43. Kh3 Qxd5 44. Rf4 Qe6+ 45. Kxh4 Qe7+ 46. Kh3 Qe6+ 47. Rg4+ Kh6 48. Rh1 Qd5 49. Rh2 Qf3+ 50. Kh4 Qe3 51. Rhg2 Qe1+ 52. Kh3 Qh1+ 53. Kg3 Kh5 54. Kf2 Qd1 55. Rg5+ Kh4 56. Ke3 Qe1+ 57. Kf4 Qc1+ 58. Kf5 Qc8+ 59. Kf4 Qf8+ 60. Ke4 Qe7+ 61. Kf3 Qf6+ 62. Ke3 Qe6+ 63. Re5 Qb3+ 64. Ke2 Qc4+ 65. Kf3 Qf1+ 66. Rf2 Qd3+ 67. Re3 Qf5+ 68. Ke2 Qc2+ 69. Kf3 Qf5+ 70. Ke2 Qc2+ 71. Kf3 1/2-1/2

[Event "Oberliga Nord O 1617"]
[Site "Germany"]
[Date "2017.02.19"]
[Round "6.2"]
[White "Leisner, Hannes"]
[Black "Schoewel, Matthias"]
[Result "1-0"]
[WhiteElo "2267"]
[BlackElo "2234"]
[PlyCount "89"]
[EventDate "2016.10.16"]
[EventType "team-tourn"]
[EventRounds "9"]
[EventCountry "GER"]
[SourceTitle "EXT 2018"]
[Source "ChessBase"]
[SourceDate "2017.10.13"]
[SourceVersion "1"]
[SourceVersionDate "2017.10.13"]
[SourceQuality "1"]
[WhiteTeam "Greifswald"]
[BlackTeam "Oberschoeneweide"]
[WhiteTeamCountry "GER"]
[BlackTeamCountry "GER"]

1. e4 e5 2. Nf3 Nc6 3. d4 exd4 4. Nxd4 Bc5 5. Nxc6 Qf6 6. Qf3 dxc6 7. Bc4 Bd7 8. Nc3 Qxf3 9. gxf3 Ne7 10. Be3 Bxe3 11. fxe3 Ng6 12. f4 Ke7 13. Rg1 Rhe8 14. Rd1 Rad8 15. Kf2 Kf8 16. Bd3 Ne7 17. Rg5 f6 18. Rg3 Nc8 19. Rdg1 Re7 20. b4 h6 21. Ne2 Nd6 22. Nd4 Be8 23. Rxg7 Rxg7 24. Ne6+ Ke7 25. Nxg7 Bf7 26. a3 Kf8 27. Nf5 Nxf5 28. exf5 b5 29. a4 a6 30. Ra1 Rd6 31. e4 c5 32. axb5 axb5 33. bxc5 Rc6 34. Ke3 Rxc5 35. Ra6 Rc3 36. Rxf6 c5 37. e5 Ke7 38. Rc6 Be8 39. Re6+ Kf8 40. Kd2 Ra3 41. Rxh6 c4 42. Be4 b4 43. Bd5 c3+ 44. Ke3 Ba4 45. f6 1-0

[Event "Oberliga Nord O 1516"]
[Site "Germany"]
[Date "2016.03.13"]
[Round "8.3"]
[White "Wintzer, Joachim"]
[Black "Schoewel, Matthias"]
[Result "1/2-1/2"]
[WhiteElo "2275"]
[BlackElo "2243"]
[PlyCount "78"]
[EventDate "2015.09.20"]
[EventType "team-tourn"]
[EventRounds "9"]
[EventCountry "GER"]
[SourceTitle "EXT 2017"]
[Source "ChessBase"]
[SourceDate "2016.10.25"]
[SourceVersion "1"]
[SourceVersionDate "2016.10.25"]
[SourceQuality "1"]
[WhiteTeam "Berlin SF"]
[BlackTeam "Oberschoeneweide"]
[WhiteTeamCountry "GER"]
[BlackTeamCountry "GER"]

1. c4 e5 2. g3 Nf6 3. Bg2 Be7 4. Nc3 0-0 5. Nf3 d6 6. 0-0 Nc6 7. d4 Bg4 8. d5 Nb8 9. h3 Bd7 10. e4 h6 11. Be3 Nh7 12. Nd2 f5 13. exf5 Bxf5 14. Nde4 Ng5 15. h4 Nxe4 16. Bxe4 Qc8 17. Rc1 Bxe4 18. Nxe4 Qf5 19. f3 Nd7 20. Qc2 Qh5 21. Qg2 Nf6 22. g4 Qg6 23. h5 Qe8 24. Rce1 Nh7 25. f4 Bh4 26. Re2 exf4 27. Bxf4 Qd8 28. Rf3 Rf7 29. Ng3 Bxg3 30. Bxg3 Qg5 31. Rxf7 Kxf7 32. Bf4 Qh4 33. Bg3 Qxg4 34. Re7+ Kg8 35. Be1 Qd4+ 36. Qf2 Qg4+ 37. Qg2 Qd4+ 38. Qf2 Qg4+ 39. Qg2 Qd4+ 1/2-1/2

[Event "Oberliga Nord O 1516"]
[Site "Germany"]
[Date "2016.02.22"]
[Round "7.3"]
[White "Schoewel, Matthias"]
[Black "Venske, Kai Gerrit"]
[Result "1-0"]
[WhiteElo "2224"]
[BlackElo "2151"]
[PlyCount "119"]
[EventDate "2015.09.20"]
[EventType "team-tourn"]
[EventRounds "9"]
[EventCountry "GER"]
[SourceTitle "EXT 2017"]
[Source "ChessBase"]
[SourceDate "2016.10.25"]
[SourceVersion "1"]
[SourceVersionDate "2016.10.25"]
[SourceQuality "1"]
[WhiteTeam "Oberschoeneweide"]
[BlackTeam "Weisse Dame"]
[WhiteTeamCountry "GER"]
[BlackTeamCountry "GER"]

1. e4 d5 2. exd5 Qxd5 3. Nc3 Qa5 4. Nf3 Nf6 5. d4 c6 6. Be2 Bf5 7. 0-0 Nbd7 8. a3 e6 9. Bf4 Nd5 10. Nxd5 cxd5 11. Ne5 Nxe5 12. Bxe5 Rc8 13. Bd3 Bxd3 14. Qxd3 a6 15. Rfe1 Qa4 16. Re2 Qb5 17. Qd1 Qc6 18. Rc1 b5 19. Re3 f6 20. Bf4 Kf7 21. Qe2 Qd7 22. Re1 Rc6 23. c3 g6 24. Qf3 Bg7 25. h4 h5 26. Qg3 Bh6 27. Bxh6 Rxh6 28. Rf3 f5 29. Rfe3 Rh8 30. Re5 Re8 31. Qe3 Kg7 32. f3 Rd6 33. Kh2 Qd8 34. Kh3 Qf6 35. Qf4 Rd7 36. R1e2 Kf7 37. g3 Kg7 38. Qd2 Qe7 39. Qe1 Rd6 40. Rg2 Rf8 41. Kh2 Qf6 42. Kg1 Rh8 43. Qd2 Rf8 44. Qf4 Rd7 45. Re1 Re8 46. Rge2 Kf7 47. Kg2 Kg7 48. a4 Qe7 49. axb5 axb5 50. Ra1 Red8 51. Ra5 Rb7 52. Ra6 Re8 53. Rc6 Qd7 54. Rc5 Rc8 55. b4 Rxc5 56. Qe5+ Kf7 57. dxc5 Rc7 58. Qh8 Qc6 59. Ra2 Rc8 60. Ra7+ 1-0